| 000 | 01141njm a22003017a 4500 | ||
|---|---|---|---|
| 005 | 2010091602042.0 | ||
| 006 | a|||||r|||||00| 0 | ||
| 007 | sd ammalaaahaa | ||
| 008 | 100901t xxu||||| |||| 00| 0 eng d | ||
| 028 |
_aMOCE 4017 _bODEON |
||
| 035 | _aGR-02845 | ||
| 040 |
_aSED _cSED |
||
| 100 |
_aDutt, Geeta _917891 |
||
| 245 |
_aSahib bibi aur ghulam / _cby Geeta Dutt [and] Asha Bhosle ; Music by Hemant Kumar ; Lyric by Shakeel Badayuni _h[Sound recording] |
||
| 246 | _aसाहिब बीबी और घुलाम / | ||
| 260 |
_aDum Dum, India _bODEON |
||
| 300 |
_a1 Sound disc [Gramophone Recording] : _banalog, 33 1/3 rpm _c12 in. (LP) _fGramophone Record |
||
| 500 | _aBrief record | ||
| 500 | _aRecord Labels : ODEON, Black | ||
| 505 | _aSide-1 Chale aao chale aao Side 2 Bhanwara bada nadan re | ||
| 600 |
_aDutt, Geeta _919718 |
||
| 650 |
_aFilm Song _xExcerpts _zIndia _917892 |
||
| 700 |
_920094 _aBhosle, Asha |
||
| 700 |
_aHemant Kumar _920338 |
||
| 700 |
_aShakeel Badayuni _920339 |
||
| 942 |
_2ddc _cGR |
||
| 999 |
_c46184 _d46184 |
||